| 000 | 00417nam a2200169Ia 4500 | ||
|---|---|---|---|
| 008 | 230524s9999 xx 000 0 und d | ||
| 020 | _a9788173199820 | ||
| 082 |
_a620.106 _bPAT |
||
| 100 | _aK.C.Patra | ||
| 245 | 0 | _aEngineering Fluid Mechanics and Hydraulic Machines | |
| 250 | _a1 | ||
| 260 |
_aNew Delhi _bNarosa |
||
| 300 | _a"XV,562p;" | ||
| 500 | _aQuantity Number: 20 | ||
| 650 | _aCivil | ||
| 942 | _cBK | ||
| 999 |
_c59093 _d59093 |
||